Historia de la educación general y argentina /

Guardado en:
Autor Principal: Manganiello, Ethel M.
Formato: Libro
Publicado: Buenos Aires : Libreria del colegio, 1967
Edición:18a. ed.
Materias:
Etiquetas: Agregar Etiqueta
Sin Etiquetas, Sea el primero en etiquetar este registro!
LEADER 00575nam a22001935a 4500
001 CEM.cems006900
005 20060214000000.0
008 130507s1967##################000#0#####d
003 CEMS
082 0 4 |a 370.9 
100 1 |a Manganiello, Ethel M. 
245 1 0 |a Historia de la educación general y argentina / 
250 |a 18a. ed. 
260 |a Buenos Aires :  |b Libreria del colegio,  |c 1967 
300 |a 318 p. 
653 |a Educacion 
653 |a Historia de la educacion 
653 |a Historia de la educacion argen 
859 |a CEMS  |b BIB. CEMS - 11 de abril  |h 370.9  |i M313a18  |p 6530.78  |t Ej.1